| 000 | 00602nam a22002057a 4500 | ||
|---|---|---|---|
| 003 | 0 | ||
| 005 | 20250324104302.0 | ||
| 008 | 250324b xxu||||| |||| 00| 0 eng d | ||
| 020 | _a978-0-357-98938-8 | ||
| 050 |
_aHF 5636 _b.H45 2025 |
||
| 100 | _aHeintz, James A. | ||
| 245 |
_aCollege accounting : _bchapters 1-27 _cJames A. Heintz and Robert W. Parry, Jr. |
||
| 250 | _a24th edition | ||
| 260 |
_aMason, Ohio _bCengage _c2025 |
||
| 300 |
_axxix, 1114 pages ; _c28cm. |
||
| 650 | _aAccounting, College for. | ||
| 650 | _aAccounting. | ||
| 700 | _aParry, Robert W., Jr. | ||
| 942 |
_2lcc _cBK |
||
| 999 |
_c367318 _d367318 |
||